00567nam a2200205Ia 4500003000400000005001700004006001800021007000300039008004100042037001700083040001800100041001300118082001300131100002400144245005800168260004400226300005000270650001500320700002600335OSt20220926022803.0a|||||r|||| 00| 0ta220923b |||||||| |||| 00| 0 eng d cGeneral Book aRTLcRTLbeng 2engaeng aS:62, K1 aBirney Robert C Ed. 0aInstinctban enduring problem in psychology Selecte  aNew YorkbVan Nostrand USA c1961 aix, 181p. Bib at the end of each chapterccm. aPsychology a Teevan Richard C Ed.